00520nam a2200145 a 450000100100000000500170001000800410002702000180006804000250008610000310011124501030014226000390024530000200028450000700030400004345620201002040929.0140318s2013 dr ac 000 0 spa d a9789945583502 aDO-SdBNPbspacBNPHU1 aCabrera Vásquez, Enrique10aPedro Mir y René Del Risco Bermúdez en la literatura dominicana /cCabrera Vásquez, Enrique. aSanto Domingo :bSantuario,c2013. a45 p. ;c22 cm. aIncluye datos biogrpáficos del autor en la solapa de la cubieta